000 05189cam a2200529Ma 4500
001 ocn672212969
003 TZ-ArACH
005 20150413164653.0
008 091112s2009 fr b 000 0 fre d
016 7 _aFRBNF420720360000005
_2FrPBN
020 _a9782233005731 (pbk.)
020 _a2233005732 (pbk.)
035 _a(OCoLC)672212969
040 _aLVB
_bfre
_cTZ-ArACH
_dZWZ
_dCHRRO
_dBDF
_dU9S
041 _aFre
049 _aTZAA
050 4 _aK3240
_b.P39
082 1 4 _a344
_21
245 0 3 _aPauvreté, un défi pour les droits de l'homme /
_csous la direction d'Emmanuel Decaux et Alice Yotopoulos-Marangopoulos, avec le concours de Despina Sinou.
260 _aParis, France :
_bPedone,
_cc2009.
300 _a281 p. ;
_c24 cm.
362 _a2009
490 1 _aPublications de la Fondation Marangopoulos pour les droits de l'homme ;
_vsérie no 14
500 _a"Centre de recherche sur les droite de l'homme et le droit humanitaire (Université Pantheon-Assas Paris II), Fondation Marangopoulos pour les droits de l'homme."
504 _aRéférences Bibliographiques, Bibliographical references
505 0 0 _tExtrême pauvreté et droits de l'homme dans les travaux de la Sous-Commission des droite de l'homme des Nations Unies /
_rJosé Gengoa --
_tL'émergence de la problématique de l'extréme pauvreté au sein des Nations Unies /
_rNoemy Barrita --
_tLa portée d'une déclaration : droits universels, droits spécifiques? /
_rAlessandre Aula --
_tLa défi de l'extrême pauvreté face à l'indivisibliité et à l'universalité des droits de l'homme /
_rNicole Questiaux --
_tLa Charte sociale européenne révisée : le défi des droite sociaux face à la pauvreté /
_rRégis Brillat -- L'Union européenne et la lutte contre la pauvreté /
_rDespina Sinou --
_tLa violence à l'égarde des pauvres : enfance et extrême pauvreté /
_rPaulo Sergio Pinheiro --
_tLa mise en œuvre de la loi française d'orientation contre les exclusions /
_rPaul Bouchet --
_tLa notion d'action positive /
_rMarc Bossuyt --
_tLes "doubles discriminations" ou les cumuls de discriminations dans l'accès aux droits de l'homme : l'approache du problème par les Nations Unies /
_rRégis de Gouttes --
_tLes groupes vulnérables : Roms et gens du voyage /
_rHubert Prevot --
_tLes enjeux du protocole additionnel au Pacte international relatif aux droits économiques, sociaux et culturels /
_rPhilippr Texier --
_tDroit à la santé et extrême pauvreté : problèmes et perspectives d'un droit d'une effectivité douteuse /
_rAntonis Bredimas --
_tLe mandat du Rapporteur spécial sur le droit à l'alimentation /
_rClaire Callejon --
_tLes violations des droite culturels, racteur d'appauvrissement durable : pour une observation des pauvretés culturelles /
_rPatrice Meyer-Bisch --
_tLe droit au développement : une opportunité en perspective /
_rIbrahim Salama --
_tRacisme et pauvreté /
_rLinos-Alexandre Sicilianos --
_tLe partenariat entre le Haut-Commissiariat aux droits de l'homme et le Programme des Nations Unies pour le développement (PNUD) /
_rMaría-Francisca Ize-Charrin --
_tCoopération, droits de l'homme et solidarité internationale /
_rMesmer Gueuyou --
_tRésolution adoptée par l'Assemblé générale des Nations Unies cinquante-neuvième session, 20 décembre 2004 --
_tSous-commission de la promotion et de la protection des droits de l'homme cinquante-huitiéme session, 24 août 2006 --
_tRemarks of the Marangopoulos Foundation for Human Rights on the draft guiding principles on "Extreme proverty and human rights : the rights of the poor."
650 6 _aDroits de l'homme (Droit international)
_915594
650 6 _aPauvreté.
_915595
650 7 _aPauvreté
_xCongrès.
_2ram
_915596
650 7 _aAide humanitaire
_xAspect politique
_xCongrès.
_2ram
_915597
650 7 _aDroits de l'homme
_xCongrès.
_2ram
_915598
650 7 _aDroits de l'homme
_xpauvreté
_xpolitique sociale
_v[études diverses]
_2rero
_915599
650 7 _aPoverty
_915606
700 1 _aDecaux, Emmanuel.
_915600
700 1 _aYotopoulos-Marangopoulos, Alice.
_915601
700 1 _aSinou, Despina.
_915602
710 2 _aUniversité Paris II.
_bCentre de recherche sur les droits de l'homme et le droit humanitaire.
_915603
710 2 _aFondation Marangopoulos pour les droits de l'homme.
_915604
830 0 _aPublications de la Fondation Marangopoulos pour les droits de l'homme ;
_vsérie no 14.
_915605
856 4 2 _3Notice et cote du catalogue de la Bibliothèque nationale de France
_uhttp://catalogue.bnf.fr/ark:/12148/cb42072036p
942 _2lcc
_cBOOK
999 _c3046
_d3046